Catálogo público

Bibliography of the Department of Rural Sociology, Cornell University (Record no. 19775)

MARC details
000 -CABECERA
campo de control de longitud fija 01175cam a22003257a 4500
003 - IDENTIFICADOR DEL NÚMERO DE CONTROL
campo de control CHAP
005 - FECHA Y HORA DE LA ÚLTIMA TRANSACCIÓN
campo de control 20220329134404.0
008 - DATOS DE LONGITUD FIJA--INFORMACIÓN GENERAL
campo de control de longitud fija 971013s1956 us r 00010 eng d
010 ## - NÚMERO DE CONTROL DE LA BIBLIOTECA DEL CONGRESO
Número de control de LC 19775
011 ## - ENLACE DEL NUMERO DE CONTROL DE LA BIBLIOTECA DEL CONGRESO [OBSOLETO]
Número de control de LC 20747
035 ## - NÚMERO DE CONTROL DEL SISTEMA
Número de control de sistema 24835
040 ## - FUENTE DE LA CATALOGACIÓN
Centro/agencia transcriptor CHAP
082 04 - NÚMERO DE LA CLASIFICACIÓN DECIMAL DEWEY
Número de clasificación 301.35016
Número de documento/Ítem A53
100 00 - ENTRADA PRINCIPAL--NOMBRE DE PERSONA
Nombre de persona Anderson, Walfred Allum.
9 (RLIN) 5617
245 10 - MENCIÓN DE TÍTULO
Título Bibliography of the Department of Rural Sociology, Cornell University
260 ## - PUBLICACIÓN, DISTRIBUCIÓN, ETC.
Lugar de publicación, distribución, etc. Ithaca :
Nombre del editor, distribuidor, etc. Cornell University Agricultural Experiment Station,
Fecha de publicación, distribución, etc. 1956
300 ## - DESCRIPCIÓN FÍSICA
Extensión 50 p
490 #0 - MENCIÓN DE SERIE
Mención de serie Mimeograph Bulletin
Designación de volumen o secuencia ; 48
500 ## - NOTA GENERAL
Nota general Supl. 1967-79. Ithaca, Cornell University Agricultural Experiment State (1980?) 59 p.
590 ## - NOTA LOCAL (RLIN)
Nota local BATCH-UPD
Procedencia (VM) [OBSOLETO] 10
Condición del los carretes individuales (VM) [OBSOLETO] 20130110
-- UCH01
-- 2255
590 ## - NOTA LOCAL (RLIN)
Nota local BATCH-UPD
Procedencia (VM) [OBSOLETO] 10
Condición del los carretes individuales (VM) [OBSOLETO] 20130410
-- UCH01
-- 1548
590 ## - NOTA LOCAL (RLIN)
Nota local BATCH-UPD
Procedencia (VM) [OBSOLETO] 10
Condición del los carretes individuales (VM) [OBSOLETO] 20130914
-- UCH01
-- 2011
590 ## - NOTA LOCAL (RLIN)
Nota local CONVERSION
Procedencia (VM) [OBSOLETO] 10
Condición del los carretes individuales (VM) [OBSOLETO] 20130109
-- UCH01
-- 1312
650 14 - PUNTO DE ACCESO ADICIONAL DE MATERIA--TÉRMINO DE MATERIA
Término de materia o nombre geográfico como elemento de entrada Sociología rural
Subdivisión general Bibliografía.
9 (RLIN) 108220
830 0# - PUNTO DE ACCESO ADICIONAL DE SERIE-TÍTULO UNIFORME
Título uniforme Mimeograph Bulletin
Designación de volumen o secuencia ; 48
9 (RLIN) 75892
901 ## - ELEMENTOS DE DATOS A LOCAL LDA (RLIN)
a BK
942 ## - ELEMENTOS DE PUNTO DE ACCESO ADICIONAL (KOHA)
Tipo de ítem Koha Libro
949 ## - PROCESAMIENTO DE INFORMACIÓN LOCAL (OCLC)
a 301.35016 A53
b BC
c C
d 33724000480778
e C
f Supl. 1967-79
h 53259
i 24835
s i
949 ## - PROCESAMIENTO DE INFORMACIÓN LOCAL (OCLC)
a 301.35016 A53
b BC
c C
d 33724000480786
e C
h 4384
i 24835
s i
Holdings
Estado de retiro Estado de pérdida Fuente del sistema de clasificación o colocación Estado dañado Restricciones de uso No para préstamo Código de colección Localización permanente Ubicación/localización actual Ubicación en estantería Fecha de adquisición Información codificada de la localización en otra ubicación Total de préstamos Signatura topográfica completa Código de barras Fecha visto por última vez Número de copia Precio válido a partir de Tipo de ítem Koha
    Dewey Decimal Classification   Préstamo interno   Consulta Biblioteca Central Biblioteca Central Planta alta - Coleción Consulta 31/12/2019 LIBRO   301.35016 A53 33724000480778 31/12/2019 Supl. 1967-79 31/12/2019 Libro
    Dewey Decimal Classification   Préstamo interno   Consulta Biblioteca Central Biblioteca Central Planta alta - Coleción Consulta 31/12/2019 LIBRO   301.35016 A53 33724000480786 31/12/2019   31/12/2019 Libro